000 01261cam a2200337 4500
001 J91702
008 090401t1998 xxu||||| |||| 00| 0 eng d
020 _a0419209905
035 _a(Sirsi) u86198
041 _aeng
050 _a697
100 _aLaing,Andrew
245 _aNew environments for working : the re-design of offices and environmental systems for new ways of working.
260 _aLondon
_bCRC Ltd.
_c1998
300 _ax,156p. : ill. ; 30cm.
350 _a40
520 _aExamines modern working practices and how these might influence office specifications and layout in relation to environmental services. Includes numerous case studies as well as considering likely future changes in the nature of office work.
650 _aBlock management
_96220
650 _aENVIRONMENTAL CONTROLS
650 _aBUILT ENVIRONMENT-BUILDING ELEMENTS-COMPLETE BUILDING SERVICES ELEMENTS-COMPLETE HEATING, VENTILATION AND AIR CONDITIONING SYSTEMS
650 _aOFFICES
650 _aWORKING PATTERNS
690 _aBlock management
_96220
700 _aDuffy, Francis
700 _aJaunzens, Denice
700 _aWillis, Steve
710 _aBuilding Research Establishment
710 _aDEGW
942 _n0
948 _c14/05/1998
999 _c97119
_d97119